[Event "World Rapid 2022"]
[Site "Almaty KAZ"]
[Date "2022.12.27"]
[Round "9.33"]
[White "Paravyan, David"]
[Black "Yudin, Sergei"]
[Result "1/2-1/2"]
[WhiteTitle "GM"]
[BlackTitle "GM"]
[WhiteElo "2586"]
[BlackElo "2469"]
[WhiteFideId "4194985"]
[BlackFideId "4159659"]
[EventDate "2022.12.26"]

1. e4 d6 2. d4 Nf6 3. Nc3 e5 4. Nf3 Nbd7 5. Bc4 Be7 6. O-O O-O 7. h3 c6 8. a4 a5
9. Re1 exd4 10. Qxd4 Nc5 11. Be3 Ncxe4 12. Nxe4 d5 13. Nxf6+ Bxf6 14. Qf4 dxc4
15. Rad1 Qe7 16. Qxc4 Qc7 17. Bc5 Be6 18. Rxe6 fxe6 19. Bxf8 Rxf8 20. Qxe6+ Qf7
21. Qxf7+ Rxf7 22. b3 b5 23. g4 h6 24. Re1 Rd7 25. Kg2 Rd5 26. Re4 Kf7 27. Kg3
Rd1 28. h4 Rc1 29. Re2 Ra1 30. g5 hxg5 31. hxg5 Bc3 32. Re3 Bb2 33. Ne5+ Bxe5+
34. Rxe5 bxa4 35. Rxa5 a3 36. Kf4 a2 37. Ra6 g6 38. b4 Ke7 39. Kf3 Kd7 40. Kg2
Rb1 41. Rxa2 Rxb4 42. Kg3 Rc4 43. f4 Ke7 44. Kg4 Rc3 45. Rb2 Kf7 46. Rb7+ Kf8
47. Rb8+ Kf7 48. Rb2 Kf8 49. Ra2 Kf7 50. Ra7+ Kf8 51. Ra4 Rxc2 52. Kf3 Rc5 53.
Ke4 Kf7 54. Ra7+ Kf8 55. Rd7 Kg8 56. Rd6 Kf7 57. Rf6+ Kg7 58. Kd4 Rd5+ 59. Kc4
Ra5 60. Kd4 Rd5+ 61. Ke3 Rc5 62. Ke4 Kh7 63. Kd4 Rd5+ 64. Kc3 Rc5+ 65. Kb3 Kg7
66. Kb4 Rb5+ 67. Kc4 Ra5 68. Kd3 Rd5+ 69. Ke3 Rc5 70. Ke4 Kh7 71. Rf7+ Kg8 72.
Rc7 Kf8 73. Ke3 Kg8 74. Rd7 Kf8 75. Kd4 Rf5 76. Ke4 Rc5 77. Rb7 Kg8 78. Ra7 Kf8
79. Ra4 Kf7 80. Ra7+ Kf8 81. Rc7 Kg8 82. Re7 Kf8 83. Re6 Kf7 84. Rf6+ Kg7 85.
Kd4 Rd5+ 86. Kc4 Ra5 87. Rxc6 Ra4+ 88. Kd5 Rxf4 89. Rc7+ Kg8 90. Kd6 Rf5 91. Rc5
Kf7 92. Rd5 Rf1 93. Re5 Rf5 94. Rxf5+ gxf5 95. Ke5 Kg6 96. Kf4 Kg7 97. Kxf5 Kf7
98. Ke4 Kg6 99. Kd3 Kxg5 1/2-1/2

[Event "World Rapid 2022"]
[Site "Almaty KAZ"]
[Date "2022.12.27"]
[Round "9.34"]
[White "Donchenko, Alexander"]
[Black "Lazavik, Denis"]
[Result "1/2-1/2"]
[WhiteTitle "GM"]
[BlackTitle "GM"]
[WhiteElo "2636"]
[BlackElo "2537"]
[WhiteFideId "24603295"]
[BlackFideId "13515110"]
[EventDate "2022.12.26"]

1. c4 Nf6 2. Nc3 e5 3. Nf3 Nc6 4. e4 Bb4 5. d3 d6 6. a3 Bc5 7. b4 Bb6 8. Na4 Bd4
9. Rb1 Bg4 10. Be2 Bxf3 11. Bxf3 a6 12. Qd2 Ba7 13. O-O Nd4 14. Bd1 O-O 15. Kh1
b5 16. Nc3 c6 17. Qe1 Nd7 18. a4 bxc4 19. dxc4 a5 20. b5 Bc5 21. Qd2 Bb4 22. Qe3
Nb6 23. Qd3 Qd7 24. Be3 Bxc3 25. Qxc3 c5 26. Qd3 Qe6 27. Rc1 Qg6 28. h3 f5 29.
exf5 Nxf5 30. Bc2 Qh5 31. Rce1 Rf6 32. Bd2 Nd4 33. Bb1 Qg6 34. f4 Qxd3 35. Bxd3
Nb3 36. Be3 Re8 37. fxe5 Rxe5 38. Rxf6 gxf6 39. Bf2 Nd2 40. Rc1 Nxa4 41. Ra1 Nb2
42. b6 Re7 43. Bf5 Ndxc4 44. Bh4 Kg7 45. Be1 Nxb6 46. Bxa5 N2c4 47. Bc3 Nd5 48.
Be1 Nce3 49. Bb1 Nxg2 50. Bg3 Ngf4 51. Ra4 Ng6 52. Bxg6 hxg6 53. Bxd6 Re1+ 54.
Kh2 Re2+ 55. Kh1 Nc3 56. Ra7+ Kh6 57. Bxc5 Ne4 58. Bd4 Kg5 59. Ra6 f5 60. Kg1
Kh5 61. Rb6 Rc2 62. Be5 Ng5 63. Rb3 Ra2 64. Bb2 Ne4 65. Bc3 Rc2 66. Ba5 Ng5 67.
Bd8 Ne6 68. Ba5 Nf4 69. Rf3 Nd5 70. Rd3 Nf4 71. Rf3 Ne6 72. Rd3 Re2 73. Rb3 g5
74. Rf3 f4 75. Rb3 Nd4 76. Rd3 Nf5 77. Bd8 Ng3 78. Rd5 Ne4 79. Rf5 Kg6 80. Rf8
Rd2 81. h4 Kg7 82. Be7 Rd7 83. hxg5 Rxe7 84. Rxf4 Kg6 85. Kg2 Kxg5 86. Rf8 Kg4
87. Rg8+ Kf4 88. Rf8+ Ke3 89. Rf3+ Ke2 90. Rf8 Rg7+ 91. Kh3 Rg6 92. Rf5 Ke3 93.
Kh4 Rg8 94. Rf7 Nd6 95. Rf6 Nc4 96. Rf5 Nd2 97. Kh5 Nf3 98. Rf6 Ne5 99. Rf5 Ke4
100. Rf6 Rg1 101. Rf8 Nd3 102. Kh4 Rg7 103. Rf1 Ne5 104. Rf6 Nf3+ 105. Kh3 Nd4
106. Rf1 Nf5 107. Rf2 Rg6 108. Rf1 Rh6+ 109. Kg4 Ne3+ 110. Kg5 Ra6 111. Rf6 Ra5+
112. Kg6 Ng4 113. Re6+ Ne5+ 114. Kf6 Kf4 115. Rd6 Nf3 116. Rb6 Ng5 117. Rb4+
Ne4+ 118. Ke6 Re5+ 119. Kd7 Kf5 120. Kc6 Re6+ 121. Kd5 Ra6 122. Kd4 Ra1 123. Rb8
Rd1+ 124. Ke3 Nf6 125. Ke2 Rd5 126. Ke3 Ng4+ 127. Ke2 Ne5 128. Rb4 Rd3 129. Rh4
Ra3 130. Rb4 Nf3 131. Rb8 Nd4+ 132. Kd2 Nc6 133. Rb6 Ne5 134. Rb4 Ke6 135. Ke2
Kd5 136. Rh4 Nc6 137. Rh5+ Kc4 138. Kf2 Nd4 139. Re5 Rf3+ 140. Kg2 Rf8 141. Kg3
Kd3 142. Kg4 Nc2 143. Kg5 Kd4 144. Rf5 Rg8+ 145. Kf4 Ne3 146. Rf7 Rg1 147. Rd7+
Nd5+ 148. Kf3 Rf1+ 149. Ke2 Rf6 150. Rd8 Ke5 151. Re8+ Re6 152. Rxe6+ Kxe6 1/2-1/2

[Event "World Rapid 2022"]
[Site "Almaty KAZ"]
[Date "2022.12.27"]
[Round "9.35"]
[White "Sindarov, Javokhir"]
[Black "Daneshvar, Bardiya"]
[Result "1/2-1/2"]
[WhiteTitle "GM"]
[BlackTitle "IM"]
[WhiteElo "2654"]
[BlackElo "2500"]
[WhiteFideId "14205483"]
[BlackFideId "12576468"]
[EventDate "2022.12.26"]

1. e4 c6 2. d4 d5 3. f3 g6 4. Nc3 Bg7 5. Be3 Qb6 6. exd5 Qxb2 7. Nge2 Nf6 8.
dxc6 bxc6 9. Rb1 Qa3 10. Qd2 O-O 11. Ng3 Ba6 12. Rb3 Qa5 13. Bxa6 Qxa6 14. Qe2
Nd5 15. Qxa6 Nxa6 16. Nxd5 cxd5 17. Kd2 Nb8 18. Rb5 e6 19. Rhb1 Nd7 20. Ne2 Nb6
21. Kd3 Rfc8 22. Bf4 Rc6 23. Ra5 f6 24. Ra6 e5 25. Bc1 Bf8 26. c3 Kf7 27. a4 Re6
28. dxe5 fxe5 29. Be3 e4+ 30. fxe4 dxe4+ 31. Kc2 Nc4 32. Rb7+ Be7 33. Bc5 Rxa6
34. Rxe7+ Kg8 35. Nf4 Rf6 36. Nd5 Rf5 37. Rd7 Re8 38. Bd4 Kf8 39. Bc5+ Kg8 40.
Bd4 Kf8 41. Bg7+ Kg8 42. Nf6+ Rxf6 43. Bxf6 Rb8 44. Rd4 Ne3+ 45. Kd2 Ng4 46.
Rd8+ Rxd8+ 47. Bxd8 Nxh2 48. Ke3 Kf7 49. Kxe4 Ke6 50. Kf4 Nf1 51. c4 Nd2 52. c5
h6 53. c6 Nc4 54. Ke4 Kd6 55. Kd4 Nb6 56. a5 Na8 57. Bh4 Kxc6 58. Ke5 Nc7 59.
Kf6 Nd5+ 60. Kg7 Ne3 61. Bf2 Nxg2 62. Bxa7 Kb5 63. Kxg6 Kxa5 64. Kxh6 1/2-1/2

[Event "World Rapid 2022"]
[Site "Almaty KAZ"]
[Date "2022.12.27"]
[Round "9.36"]
[White "Yoo, Christopher Woojin"]
[Black "Savchenko, Boris"]
[Result "1-0"]
[WhiteTitle "GM"]
[BlackTitle "GM"]
[WhiteElo "2575"]
[BlackElo "2552"]
[WhiteFideId "30909694"]
[BlackFideId "4147332"]
[EventDate "2022.12.26"]

1. e4 c5 2. Nf3 d6 3. d4 cxd4 4. Nxd4 Nf6 5. Nc3 a6 6. Qe2 e5 7. Nf5 d5 8. Bg5
d4 9. O-O-O h6 10. Bxf6 Qxf6 11. Nd5 Qd8 12. Qg4 g6 13. Qg3 Qg5+ 14. Qxg5 hxg5
15. Nc7+ Kd8 16. Nxa8 gxf5 17. Nb6 fxe4 18. Nxc8 Bc5 19. b4 Bxb4 20. Nb6 f5 21.
Nd5 Ba3+ 22. Kb1 Nd7 23. Be2 Rh6 24. h4 g4 25. Ka1 Rd6 26. Bc4 b5 27. Bb3 a5 28.
h5 Rh6 29. c3 Bc5 30. a4 d3 31. Rhf1 Kc8 32. Ne3 Rxh5 33. Be6 g3 34. Nxf5 gxf2
35. Ng3 e3 36. Rxd3 Rg5 37. Bxd7+ Kc7 38. Ne2 1-0

[Event "World Rapid 2022"]
[Site "Almaty KAZ"]
[Date "2022.12.27"]
[Round "9.37"]
[White "Suleymanli, Aydin"]
[Black "Predke, Alexandr"]
[Result "1/2-1/2"]
[WhiteTitle "GM"]
[BlackTitle "GM"]
[WhiteElo "2543"]
[BlackElo "2684"]
[WhiteFideId "13413937"]
[BlackFideId "24107581"]
[EventDate "2022.12.26"]

1. c4 e6 2. Nc3 d5 3. d4 Nf6 4. cxd5 exd5 5. Bg5 Bb4 6. e3 h6 7. Bh4 Bf5 8. Qf3
Be4 9. Bxf6 Qd6 10. Be5 Bxc3+ 11. bxc3 Qa3 12. Qd1 Qxc3+ 13. Ke2 Qc4+ 14. Ke1
Qc3+ 15. Ke2 Qc4+ 1/2-1/2

[Event "World Rapid 2022"]
[Site "Almaty KAZ"]
[Date "2022.12.27"]
[Round "9.38"]
[White "Maze, Sebastien"]
[Black "Gharibyan, Mamikon"]
[Result "1-0"]
[WhiteTitle "GM"]
[BlackTitle "IM"]
[WhiteElo "2538"]
[BlackElo "2480"]
[WhiteFideId "613762"]
[BlackFideId "13308300"]
[EventDate "2022.12.26"]

1. e4 c5 2. Nf3 Nc6 3. Bb5 g6 4. O-O Bg7 5. Re1 Nf6 6. e5 Nd5 7. Nc3 Nc7 8. Bxc6
dxc6 9. Ne4 Ne6 10. d3 h6 11. Be3 b6 12. Qd2 Qc7 13. Qc3 a5 14. a4 Ba6 15. Ng3
Rd8 16. Qb3 Rd5 17. c4 Rd8 18. Rad1 Bc8 19. Qc3 O-O 20. h4 f5 21. exf6 exf6 22.
Qc1 h5 23. d4 cxd4 24. Nxd4 Nxd4 25. Rxd4 Rxd4 26. Bxd4 c5 27. Bc3 Qc6 28. b3
Bb7 29. f3 Qd6 30. Kf2 Rd8 31. Qe3 Kf7 32. Re2 Bc6 33. Rd2 Qc7 34. Rxd8 Qxd8 35.
Qf4 Qe7 36. Nf1 Bf8 37. Qb8 Bb7 38. Bd2 Qd7 39. Bf4 Qd4+ 40. Kg3 Bc6 41. Kh2 Be7
42. Qc7 Be8 43. Ng3 Bd7 44. Ne4 f5 45. Ng5+ Bxg5 46. hxg5 h4 47. Be5 Qd2 48. Qd8
h3 49. Qf6+ Ke8 50. Qxg6+ Kd8 51. Qxb6+ Ke7 52. Qf6+ Ke8 53. Kxh3 Qe1 54. Qh8+
Ke7 55. Kh2 Be6 56. Bg3 Qd2 57. g6 f4 58. Bh4+ Kd6 59. Qd8+ Bd7 60. g7 1-0

[Event "World Rapid 2022"]
[Site "Almaty KAZ"]
[Date "2022.12.27"]
[Round "9.39"]
[White "Le, Tuan Minh"]
[Black "Demchenko, Anton"]
[Result "1-0"]
[WhiteTitle "GM"]
[BlackTitle "GM"]
[WhiteElo "2542"]
[BlackElo "2632"]
[WhiteFideId "12401153"]
[BlackFideId "4160258"]
[EventDate "2022.12.26"]

1. d4 Nf6 2. c4 d6 3. Nc3 e5 4. Nf3 Nbd7 5. g3 g6 6. Bg2 Bg7 7. O-O O-O 8. Qc2
exd4 9. Nxd4 Nb6 10. Rd1 Nxc4 11. Ncb5 a6 12. Qxc4 axb5 13. Nxb5 Ne8 14. Nc3 c6
15. e4 Bg4 16. Re1 Qb6 17. h3 Be6 18. Qe2 Nc7 19. Be3 Qb4 20. a3 Qb3 21. Rad1
Bc4 22. Qd2 Ne6 23. Rc1 Rfd8 24. Bf3 c5 25. Bd1 Qb6 26. Be2 Bb3 27. Bh6 Bh8 28.
Bg4 Nd4 29. Ne2 Re8 30. Nxd4 Bxd4 31. Re2 Qb5 32. Qf4 Be6 33. Rcc2 Be5 34. Qf3
Bc4 35. Red2 Bb3 36. Rc3 Be6 37. Rcc2 Ra4 38. Bxe6 Rxe6 39. Rd5 Rd4 40. Kg2 Bf6
41. b3 Rdxe4 42. Rxd6 Re1 43. Rd3 Bd4 44. a4 Qa6 45. Rc4 Re8 46. Qd5 R1e5 47.
Qd7 R5e7 48. Qd5 Re5 49. Qd7 g5 50. Bxg5 Qg6 51. Rdxd4 cxd4 52. Rxd4 Re4 53. Be3
R4e7 54. Qd5 h5 55. Rf4 Qc6 56. Qxc6 bxc6 57. a5 Re5 58. a6 Ra5 59. a7 c5 60.
Rf5 Rxa7 61. Rg5+ Kh7 62. Rxh5+ Kg6 63. Rg5+ Kf6 64. Rxc5 Rb7 65. Bd4+ Ke6 66.
Re5+ Kd7 67. Rf5 Ke6 68. Rf6+ Kd5 69. Be3 Re6 70. Rf4 Re4 71. Rf3 Ke6 72. Bd2
Re2 73. Ba5 Rb5 74. b4 Rf5 75. Bb6 Rb2 76. Bc5 Rxf3 77. Kxf3 Kf5 78. Ke3 Rb1 79.
Kd4 Ke6 80. h4 f5 81. Kc4 Rc1+ 82. Kb5 Kd5 83. Be3 Rh1 84. Bf4 Rh2 85. Be3 Rh1
86. Bf4 Rh2 87. f3 Rh1 88. Kb6 Kc4 89. Kc6 Rf1 90. b5 Rxf3 91. b6 Rc3 92. b7
Kd3+ 1-0

[Event "World Rapid 2022"]
[Site "Almaty KAZ"]
[Date "2022.12.27"]
[Round "9.40"]
[White "Brunello, Sabino"]
[Black "Tologon tegin, Semetei"]
[Result "0-1"]
[WhiteTitle "GM"]
[BlackTitle "IM"]
[WhiteElo "2519"]
[BlackElo "2394"]
[WhiteFideId "813613"]
[BlackFideId "13800574"]
[EventDate "2022.12.26"]

1. d4 Nf6 2. c4 e6 3. Nc3 Bb4 4. e3 b6 5. Ne2 Ne4 6. Bd2 Nxd2 7. Qxd2 Bb7 8. h4
d5 9. cxd5 exd5 10. Nf4 O-O 11. Bd3 c5 12. dxc5 bxc5 13. Qc2 Bxc3+ 14. bxc3 h6
15. Rb1 Bc6 16. Bb5 Re8 17. Rh3 Qd6 18. Kf1 Nd7 19. Bxc6 Qxc6 20. Rd1 Nf6 21. g4
Nxg4 22. Nxd5 Re5 23. c4 Nf6 24. Qb2 Rae8 25. Rg3 Nxd5 26. cxd5 Qa6+ 27. Kg1 g6
28. d6 R5e6 29. d7 Rd8 30. Qd2 Re7 31. e4 Qe6 32. Qxh6 Qxe4 33. Kh2 Rexd7 34.
Rdg1 Rd6 35. h5 Qh4+ 36. Rh3 Qxf2+ 37. Rg2 Qf6 38. Qe3 Rd3 39. Qxd3 Rxd3 40.
Rxd3 Qe5+ 41. Kg1 Qxh5 42. Rc3 Qd1+ 43. Kh2 Qd6+ 44. Kh1 Qd5 45. Rc1 Kg7 46. Kh2
Qe5+ 47. Kh1 Qe4 48. Rf1 g5 49. Kg1 Qd4+ 50. Rgf2 f5 51. Kg2 Kg6 52. Re1 f4 53.
Rc2 Qd5+ 54. Kf2 Qd4+ 55. Kg2 g4 56. Rec1 Qd5+ 57. Kg1 Qd4+ 58. Kg2 Qe4+ 59. Kg1
Qe3+ 60. Kg2 Qf3+ 61. Kg1 Qg3+ 62. Kf1 Qh3+ 63. Ke2 Qf3+ 64. Ke1 Qe3+ 65. Kf1 f3 0-1

[Event "World Rapid 2022"]
[Site "Almaty KAZ"]
[Date "2022.12.27"]
[Round "9.41"]
[White "Yilmaz, Mustafa"]
[Black "Jobava, Baadur"]
[Result "1-0"]
[WhiteTitle "GM"]
[BlackTitle "GM"]
[WhiteElo "2617"]
[BlackElo "2578"]
[WhiteFideId "6302718"]
[BlackFideId "13601520"]
[EventDate "2022.12.26"]

1. d4 c5 2. d5 g6 3. c4 Bg7 4. Nf3 d6 5. e4 Nf6 6. Nc3 O-O 7. Be2 e6 8. O-O exd5
9. exd5 Bg4 10. h3 Bxf3 11. Bxf3 Nfd7 12. Bf4 Ne5 13. Be2 f5 14. Qd2 Nf7 15.
Rfe1 Nd7 16. Bf1 g5 17. Bh2 Nde5 18. Rac1 Qf6 19. Ne2 f4 20. Nc3 Nh6 21. b4 b6
22. bxc5 bxc5 23. Bd3 Nf5 24. Bxf5 Qxf5 25. Ne4 g4 26. hxg4 Nxg4 27. Nxd6 Qh5
28. Bxf4 Bh6 29. Bxh6 Qh2+ 30. Kf1 Rxf2+ 31. Qxf2 Nxf2 32. Kxf2 Qxh6 33. Ne4 Re8
34. Rc3 Qh4+ 35. g3 Qh2+ 36. Kf3 Rf8+ 37. Ke3 Qxa2 38. d6 Qg2 39. Kd3 Kg7 40.
Ra3 Kg6 41. d7 Qf3+ 42. Re3 Qf1+ 43. Kd2 Qxc4 44. Rad3 Qa2+ 45. Kc3 c4 46. Rd6+
Kg7 47. Kd4 Rd8 48. Ke5 Qa5+ 49. Ke6 Rf8 50. g4 Qd8 51. Kd5 Qa5+ 52. Ke6 h5 53.
Ng3 Rf6+ 54. Ke7 Rf7+ 55. Ke6 Qd8 56. Nf5+ Kf8 57. g5 h4 58. Rc3 Rxf5 59. Kxf5
Ke7 60. Rd5 Qf8+ 61. Kg4 Qd8 62. Re3+ Kf7 63. Re8 1-0

[Event "World Rapid 2022"]
[Site "Almaty KAZ"]
[Date "2022.12.27"]
[Round "9.42"]
[White "Vakhidov, Jakhongir"]
[Black "Matlakov, Maxim"]
[Result "0-1"]
[WhiteTitle "GM"]
[BlackTitle "GM"]
[WhiteElo "2607"]
[BlackElo "2662"]
[WhiteFideId "14201801"]
[BlackFideId "4168003"]
[EventDate "2022.12.26"]

1. c4 e6 2. g3 d5 3. Bg2 Nf6 4. Nf3 Be7 5. O-O O-O 6. b3 b6 7. Bb2 Bb7 8. cxd5
Nxd5 9. d4 Nd7 10. Nbd2 c5 11. e4 N5f6 12. Re1 Rc8 13. Qe2 cxd4 14. Nxd4 a6 15.
Red1 Qc7 16. Rac1 Qb8 17. Nc4 Qa8 18. f3 Qa7 19. Kh1 Ba8 20. f4 b5 21. Na5 Qb6
22. Qe1 Rxc1 23. Rxc1 Nc5 24. Rd1 Ncxe4 25. Kg1 Rc8 26. b4 Rc2 27. Ba1 Rxg2+ 28.
Kxg2 Nc3+ 29. Kh3 Nxd1 30. Qxd1 Bxb4 31. Nab3 Qb7 32. Qc2 Qd7 33. g4 h5 34. g5
e5+ 35. f5 Ne4 36. Ne6 fxe6 37. f6 Nxg5+ 38. Kh4 Nf3+ 39. Kh3 Be4 40. Qc1 0-1

[Event "World Rapid 2022"]
[Site "Almaty KAZ"]
[Date "2022.12.27"]
[Round "9.43"]
[White "Asadli, Vugar"]
[Black "Shankland, Sam"]
[Result "1/2-1/2"]
[WhiteTitle "GM"]
[BlackTitle "GM"]
[WhiteElo "2567"]
[BlackElo "2710"]
[WhiteFideId "13405764"]
[BlackFideId "2004887"]
[EventDate "2022.12.26"]

1. e4 c5 2. Nf3 d6 3. d4 cxd4 4. Nxd4 Nf6 5. Nc3 Nc6 6. Bg5 e6 7. Bb5 Bd7 8. Qd3
Be7 9. O-O-O Nxd4 10. Bxd7+ Nxd7 11. Bxe7 Kxe7 12. Qxd4 Qb6 13. f3 Rhc8 14. Qxg7
Rg8 15. Qh6 Rxg2 16. Qh4+ Nf6 17. e5 Qe3+ 18. Kb1 Qxe5 19. Nd5+ exd5 20. Rhe1
Re2 21. Rxe2 Qxe2 22. Re1 Qe6 23. Rxe6+ fxe6 24. Qb4 b6 25. Qa4 e5 26. Kc1 Ke6
27. Qa6 e4 28. Kd2 Rg8 29. Ke3 Rg2 30. Qc8+ Ke7 31. c3 Rxh2 32. f4 Nd7 33. Qb7 1/2-1/2

[Event "World Rapid 2022"]
[Site "Almaty KAZ"]
[Date "2022.12.27"]
[Round "9.44"]
[White "Nesterov, Arseniy"]
[Black "Harikrishna, Pentala"]
[Result "1/2-1/2"]
[WhiteTitle "GM"]
[BlackTitle "GM"]
[WhiteElo "2573"]
[BlackElo "2705"]
[WhiteFideId "24198455"]
[BlackFideId "5007003"]
[EventDate "2022.12.26"]

1. d4 Nf6 2. c4 e6 3. Nf3 d5 4. Nc3 Bb4 5. Bg5 h6 6. Bxf6 Qxf6 7. e3 O-O 8. Rc1
Nc6 9. a3 Bxc3+ 10. Rxc3 dxc4 11. Bxc4 e5 12. Nxe5 Nxe5 13. dxe5 Qxe5 14. O-O
Bf5 15. Qb3 b6 16. Rd1 Qe7 17. e4 Bg6 18. f3 Rad8 19. Rcd3 c6 20. Qb4 c5 21. Qd2
Rxd3 22. Qxd3 Kh7 23. Qd6 Re8 24. Qxe7 Rxe7 25. g4 f6 26. Rd8 Be8 27. Kf2 g5 28.
Ke3 Kg7 29. b4 cxb4 30. axb4 h5 31. gxh5 Bxh5 32. Rg8+ Kh7 33. Rf8 Rc7 34. Bd3
Kg7 35. Ra8 Re7 36. f4 gxf4+ 37. Kxf4 Be8 38. Rc8 a5 39. bxa5 bxa5 40. Ra8 Re5
41. Ra7+ Kg6 42. Ra6 Bf7 43. h4 Kg7 44. Ra7 Kf8 45. Ra8+ Kg7 46. Ra7 Kf8 47.
Ra8+ Kg7 48. Ra7 1/2-1/2

[Event "World Rapid 2022"]
[Site "Almaty KAZ"]
[Date "2022.12.27"]
[Round "9.45"]
[White "Vokhidov, Shamsiddin"]
[Black "Hovhannisyan, Robert"]
[Result "1/2-1/2"]
[WhiteTitle "GM"]
[BlackTitle "GM"]
[WhiteElo "2579"]
[BlackElo "2597"]
[WhiteFideId "14204223"]
[BlackFideId "13302507"]
[EventDate "2022.12.26"]

1. e4 e5 2. Nf3 Nc6 3. Bb5 Nf6 4. d3 Bc5 5. Bg5 h6 6. Bh4 Be7 7. Bxc6 bxc6 8.
Nxe5 Nxe4 9. Qh5 O-O 10. Bxe7 Qxe7 11. dxe4 Qc5 12. c4 f6 13. Nc3 fxe5 14. O-O
d6 15. b3 Be6 16. Qe2 Rf4 17. Rae1 a5 18. Qe3 Qxe3 19. Rxe3 a4 20. Ne2 Rff8 21.
f4 axb3 22. axb3 Ra3 23. Rg3 Ra2 24. Nc3 exf4 25. Rxg7+ Kxg7 26. Nxa2 d5 27.
exd5 cxd5 28. cxd5 Bxd5 29. Nc1 f3 30. gxf3 Rxf3 31. Rxf3 Bxf3 32. Kf2 Bb7 33.
Ke3 Kf6 34. Kf4 Bd5 35. b4 Bc4 36. Ke4 Kg5 37. Kd4 Bf1 38. Ke3 Kg4 39. Nb3 Kh3
40. Kf2 Bc4 41. Nd2 Bd5 42. Nf1 Be6 43. Kf3 h5 44. Kf2 h4 45. Kf3 Bd7 46. Kf2
Bb5 47. Ne3 Kxh2 48. Nd5 c6 49. Nf4 Ba4 50. Kf3 Bd1+ 51. Kf2 Bc2 52. Kf3 Bf5 53.
Kf2 Be4 54. Ke3 Bc2 55. Kf2 Bf5 56. Ne2 Kh3 57. Nd4 Be4 58. b5 cxb5 59. Nxb5 Kg4
60. Nd4 Bd5 61. Kg1 Kh3 62. Nf5 Be4 63. Nxh4 Kxh4 1/2-1/2

[Event "World Rapid 2022"]
[Site "Almaty KAZ"]
[Date "2022.12.27"]
[Round "9.46"]
[White "Moussard, Jules"]
[Black "Idani, Pouya"]
[Result "1/2-1/2"]
[WhiteTitle "GM"]
[BlackTitle "GM"]
[WhiteElo "2684"]
[BlackElo "2637"]
[WhiteFideId "642908"]
[BlackFideId "12510130"]
[EventDate "2022.12.26"]

1. e4 c5 2. Nf3 d6 3. d4 cxd4 4. Nxd4 Nf6 5. Nc3 a6 6. h3 e5 7. Nb3 Be6 8. f4
Be7 9. f5 Bd7 10. g4 Bc6 11. Bg2 h6 12. Be3 b5 13. a3 Nbd7 14. Qe2 a5 15. O-O b4
16. axb4 axb4 17. Nd5 Bxd5 18. exd5 O-O 19. Rxa8 Qxa8 20. Ra1 Qc8 21. Na5 Nb8
22. Qc4 e4 23. Bd4 Qxc4 24. Nxc4 Nxd5 25. Bxe4 Nf4 26. Bf3 Nxh3+ 27. Kg2 Ng5 28.
Bd5 Nd7 29. Ra7 Bf6 30. Be3 Ne5 31. Nxe5 Bxe5 32. Bxg5 hxg5 33. b3 Rc8 34. Bxf7+
Kf8 35. Bc4 d5 36. Bd3 Rc5 37. Rb7 Bc3 38. Kf3 Rc6 39. Ke3 Rh6 40. Rd7 Rh3+ 41.
Kf2 Rh2+ 42. Kf3 Rh3+ 43. Kg2 Rh4 44. Be2 Rh6 45. Rxd5 Ke7 46. Ra5 Rd6 47. Bd3
Rd4 48. Ra7+ Kd6 49. Ra6+ Ke5 50. Re6+ Kf4 51. f6 gxf6 52. Rxf6+ Ke3 53. Re6+
Kf4 54. Rf6+ Ke3 55. Rf3+ Kd2 56. Bf5 Ke2 57. Rh3 Rf4 58. Bd3+ Kd2 59. Rg3 Bd4
60. Rf3 1/2-1/2

[Event "World Rapid 2022"]
[Site "Almaty KAZ"]
[Date "2022.12.27"]
[Round "9.47"]
[White "Najer, Evgeniy"]
[Black "Lintchevski, Daniil"]
[Result "1-0"]
[WhiteTitle "GM"]
[BlackTitle "GM"]
[WhiteElo "2662"]
[BlackElo "2548"]
[WhiteFideId "4118987"]
[BlackFideId "4171055"]
[EventDate "2022.12.26"]

1. e4 c5 2. Nf3 e6 3. d4 cxd4 4. Nxd4 Nf6 5. Nc3 Nc6 6. a3 d5 7. exd5 Nxd5 8.
Nxd5 Qxd5 9. Be3 Nxd4 10. Qxd4 Qxd4 11. Bxd4 Bd7 12. O-O-O Bc6 13. h4 h5 14. Rh3
a6 15. Rg3 Rg8 16. Be2 g6 17. Bf3 Bh6+ 18. Kb1 O-O-O 19. Bxc6 bxc6 20. Rgd3 Bf4
21. g3 Bc7 22. f4 Rd5 23. c4 Rf5 24. Re1 Rd8 25. Kc2 a5 26. b4 Rd7 27. Be5 Bxe5
28. Rxe5 axb4 29. axb4 Rxd3 30. Kxd3 Kd7 31. Re1 f6 32. Ke4 Kc7 33. Rd1 g5 34.
Rd2 1-0

[Event "World Rapid 2022"]
[Site "Almaty KAZ"]
[Date "2022.12.27"]
[Round "9.48"]
[White "Adly, Ahmed"]
[Black "Dardha, Daniel"]
[Result "1-0"]
[WhiteTitle "GM"]
[BlackTitle "GM"]
[WhiteElo "2596"]
[BlackElo "2606"]
[WhiteFideId "10601619"]
[BlackFideId "240990"]
[EventDate "2022.12.26"]

1. Nf3 d5 2. d4 Nf6 3. g3 g6 4. Bg2 Bg7 5. c4 c6 6. O-O O-O 7. Qb3 a5 8. cxd5 a4
9. Qd1 cxd5 10. Nc3 Qa5 11. Bd2 Nc6 12. Rc1 Qa6 13. Re1 Bf5 14. Bf1 Qa7 15. Bf4
Rfc8 16. e3 Qa5 17. Ne5 h5 18. a3 Ng4 19. Nxg4 hxg4 20. Be2 e5 21. dxe5 Nxe5 22.
Qxd5 Qxd5 23. Nxd5 Nf3+ 24. Bxf3 Rxc1 25. Rxc1 gxf3 26. Ne7+ Kh7 27. Nxf5 gxf5
28. Rc7 Bxb2 29. Rxf7+ Kg6 30. Rxb7 Bxa3 31. h4 Bc5 32. h5+ Kxh5 33. Rg7 Bf8 34.
Rg8 a3 35. Kh2 a2 36. g4+ fxg4 37. Rg5+ Kh4 38. Rd5 a1=B 39. Bg3# 1-0

[Event "World Rapid 2022"]
[Site "Almaty KAZ"]
[Date "2022.12.27"]
[Round "9.49"]
[White "Aravindh, Chithambaram VR."]
[Black "Pranav, V"]
[Result "0-1"]
[WhiteTitle "GM"]
[BlackTitle "GM"]
[WhiteElo "2607"]
[BlackElo "2545"]
[WhiteFideId "5072786"]
[BlackFideId "25060783"]
[EventDate "2022.12.26"]

1. c4 e5 2. Nc3 Nc6 3. Nf3 g6 4. d4 exd4 5. Nd5 Bg7 6. Bg5 f6 7. Bf4 d6 8. Nxd4
Nxd4 9. Qxd4 Ne7 10. g3 Nc6 11. Qc3 O-O 12. h4 Ne5 13. Rd1 c6 14. Ne3 Qe7 15.
Bg2 Be6 16. O-O Nf7 17. Nc2 g5 18. Bc1 f5 19. Qe3 gxh4 20. Nd4 Rae8 21. gxh4
Bxc4 22. Qh3 Be6 23. Nxf5 Bxf5 24. Qxf5 Qxh4 25. Rd3 Ne5 26. Qh3 Qxh3 27. Rxh3
d5 28. e4 dxe4 29. Bxe4 Ng6 30. Bc2 Bd4 31. Bh6 Rf6 32. Bg5 Rd6 33. Kh1 Re2 34.
Bb3+ Kg7 35. f4 Bf6 36. Bh6+ Kh8 37. f5 Ne7 38. Be6 Rd4 39. Rg1 Rde4 40. b4 Re1
41. a3 Rxg1+ 42. Kxg1 Bg7 43. Bd2 Nd5 44. Rf3 Bd4+ 45. Kh1 Nf6 46. Rd3 b6 47.
Kg2 Re2+ 48. Kf1 Re4 49. Kg2 c5 50. bxc5 bxc5 51. Kf3 Rh4 52. Kg3 Rh1 53. Ba5 h5
54. Rb3 Be5+ 55. Kg2 Rh2+ 56. Kg1 Rc2 57. Rb7 h4 58. Bc7 Bxc7 59. Rxc7 h3 60.
Bb3 Rb2 61. Rc6 Ng4 62. Rc8+ Kh7 63. Bg8+ Kg7 64. f6+ Kxf6 65. Rc6+ 0-1

[Event "World Rapid 2022"]
[Site "Almaty KAZ"]
[Date "2022.12.27"]
[Round "9.50"]
[White "Bilguun, Sumiya"]
[Black "Moiseenko, Alexander"]
[Result "0-1"]
[WhiteTitle "GM"]
[BlackTitle "GM"]
[WhiteElo "2474"]
[BlackElo "2577"]
[WhiteFideId "4901541"]
[BlackFideId "14102560"]
[EventDate "2022.12.26"]

1. e4 c5 2. Nc3 e6 3. f4 d5 4. Nf3 Nc6 5. Bb5 Ne7 6. exd5 exd5 7. Qe2 g6 8.
Bxc6+ bxc6 9. Qe5 Rg8 10. O-O Bg7 11. Qe2 Bg4 12. Kh1 Kf8 13. Qf2 Bxf3 14. Qxf3
Bf6 15. b3 Kg7 16. a4 Nf5 17. Ba3 Nd4 18. Qd1 Qa5 19. Rc1 Rge8 20. Re1 h5 21.
Ne2 Nf5 22. Ng3 Nxg3+ 23. hxg3 c4 24. Kh2 Rad8 25. Re2 d4 26. Rxe8 Rxe8 27. Rb1
Qf5 28. Bd6 d3 29. cxd3 Qxd3 30. Be5 Bxe5 31. fxe5 Rxe5 32. bxc4 h4 33. gxh4 Re4
34. Rb3 Rxh4+ 35. Kg1 Qxc4 36. Qa1+ Qd4+ 37. Qxd4+ Rxd4 38. Rc3 Rxa4 39. Rxc6 a5
40. Ra6 f5 41. d4 Ra1+ 42. Kf2 a4 43. d5 a3 44. d6 Kf7 45. d7 Ke7 46. Rd6 Kd8
47. Rd3 a2 48. Ra3 Kxd7 49. Ra8 f4 50. Ra6 g5 51. Ra7+ Kc6 52. Ra6+ Kb5 53. Ra8
g4 54. Rb8+ Kc6 55. Ra8 g3+ 56. Ke2 Rg1 0-1